LEADER 02099nam 2200625Ia 450 001 9910462160203321 005 20211104012513.0 010 $a3-11-088783-5 024 7 $a10.1515/9783110887839 035 $a(CKB)2670000000255901 035 $a(EBL)3042004 035 $a(SSID)ssj0000594904 035 $a(PQKBManifestationID)11382123 035 $a(PQKBTitleCode)TC0000594904 035 $a(PQKBWorkID)10552675 035 $a(PQKB)10280221 035 $a(MiAaPQ)EBC3042004 035 $a(WaSeSS)Ind00009732 035 $a(DE-B1597)40899 035 $a(OCoLC)873017545 035 $a(OCoLC)979753456 035 $a(DE-B1597)9783110887839 035 $a(Au-PeEL)EBL3042004 035 $a(CaPaEBR)ebr10597912 035 $a(EXLCZ)992670000000255901 100 $a20741114d1974 uy 0 101 0 $aeng 135 $aurnn#---|u||u 181 $ctxt 182 $cc 183 $acr 200 10$aComparative Hokan-Coahuiltecan studies$b[electronic resource] $ea survey and appraisal /$fby Margaret Langdon 205 $aReprint 2011 210 $aThe Hague $cMouton$d1974 215 $a1 online resource (116 p.) 225 0 $aJanua Linguarum. Series Critica ;$v4 300 $aDescription based upon print version of record. 311 0 $a90-279-2717-0 320 $aBibliography: p. 90-114. 327 $tFront matter --$tTABLE OF CONTENTS --$t1. INTRODUCTION --$t2. SETTING THE STAGE --$t3. FROM HYPOTHESIS TO (NEAR) PROOF --$t4. FURTHER EXTENSIONS OF THE STOCK --$t5. TOWARD PROOF AND ESTABLISHMENT --$t6. THE FUTURE --$t7. BIBLIOGRAPHY 410 0$aJanua Linguarum. Series Critica 606 $aHokan-Coahuiltecan languages 606 $aHokan languages 608 $aElectronic books. 615 0$aHokan-Coahuiltecan languages. 615 0$aHokan languages. 676 $a497/.5 700 $aLangdon$b Margaret$f1926-2005.$0185469 801 0$bMiAaPQ 801 1$bMiAaPQ 801 2$bMiAaPQ 906 $aBOOK 912 $a9910462160203321 996 $aComparative Hokan-Coahuiltecan studies$92450575 997 $aUNINA LEADER 01588nam 2200409Ia 450 001 9910698032503321 005 20090220151726.0 035 $a(CKB)5470000002394680 035 $a(OCoLC)310122332 035 $a(EXLCZ)995470000002394680 100 $a20090220d2008 ua 0 101 0 $aeng 135 $aurbn||||||||| 181 $ctxt$2rdacontent 182 $cc$2rdamedia 183 $acr$2rdacarrier 200 10$aDetermination of volatile organic compounds content using novel ash and total solids analysis for chemical agent resistant coating systems$b[electronic resource] /$fPauline Smith, William Lum, and Daniel Pope 210 1$aAberdeen Proving Ground, MD :$cArmy Research Laboratory,$d[2008] 215 $aiv, 8 pages $cdigital, PDF file 225 1 $aARL-TR ;$v4625 300 $aTitle from title screen (viewed Feb. 20, 2009). 300 $a"October 2008." 320 $aIncludes bibliographical references (page 7). 606 $aAir quality$zUnited States 606 $aVolatile organic compounds$xAir content$xMeasurement 615 0$aAir quality 615 0$aVolatile organic compounds$xAir content$xMeasurement. 700 $aSmith$b Pauline$0200309 701 $aLum$b William$01393106 701 $aPope$b Daniel$01393107 712 02$aU.S. Army Research Laboratory. 801 0$bGPO 801 1$bGPO 906 $aBOOK 912 $a9910698032503321 996 $aDetermination of volatile organic compounds content using novel ash and total solids analysis for chemical agent resistant coating systems$93448796 997 $aUNINA